000 00294nam a22001097a 4500
008 160419b xxu||||| |||| 00| 0 eng d
020 _a9780135114155
041 _aeng
080 _a618.2
245 _aHealth Physical 'Assessment in Nursing;
_cDonita D'Amiko ,Colleen Barbarito:
942 _2udc
_cBK
999 _c1426
_d1426